000 00485nam a2200181Ia 4500
005 20250423094835.0
008 250422s9999 xx 000 0 und d
020 _a9786255412362
050 _aT 385 .S54/
100 _aSheldon, Ross
245 0 _aComputer graphics through OpenGL
260 _aNew York
260 _bRoutledge Taylor & Francis Group
260 _c2022
300 _a672 p
650 _aOpenGL. Computer graphics. Microcomputers--Programming.
942 _cBK
999 _c28456
_d28456